000 00884cab a2200241 4500
001 ABS54842
008 090401t1996 xxu||||| |||| 00| 0 eng d
035 _a(Sirsi) u12492
041 _aeng
100 _aBrewer, G.
245 _aMaking a mockery of arbitration
260 _c1996
350 _a0
490 _aContract Journal
_v383(6069) 4 April 1996, 32(1)
520 _aWith reference to case law and legal procedure looks at the flaws in the arbitration of contract disputes.
650 _aARBITRATION ACT 1979
650 _aMANAGEMENT-DISPUTE AVOIDANCE, MANAGEMENT AND RESOLUTION-DISPUTE MANAGEMENT AND RESOLUTION-ARBITRATION
650 _aCONTRACT LAW
690 _aMANAGEMENT-DISPUTE AVOIDANCE, MANAGEMENT AND RESOLUTION-DISPUTE MANAGEMENT AND RESOLUTION-ARBITRATION
690 _aBUILT ENVIRONMENT-BUILDING CONTRACT FORMS
942 _n0
948 _c04/03/1997
999 _c7984
_d7984